| 000 | 00000nam##2200000za#4500 |
| 001 | 9.660918 |
| 003 | CaOODSP |
| 005 | 20220328113330 |
| 007 | ta |
| 008 | 150407|1999||||xxc||||| f|0| 0 fre|d |
| 020 | |a0-662-64179-5 |
| 040 | |aCaOODSP|bfre |
| 041 | |aeng |
| 041 | |afre |
| 043 | |an-cn--- |
| 086 | 1 |aC21-22/6-1999 |
| 110 | 1 |aCanada. |bIndustrie Canada. |
| 245 | 10|aStatistiques canadiennes sur la biotechnologie : |bà l'appui de la mise en oeuvre de la Stratégie canadienne en matière de biotechnologie / |cPréparé par Chuck McNiven, Projet de remaniement des sciences et de la technologie, Statistique Canada. |
| 260 | |aOttawa - Ontario : |bIndustrie Canada |c1999. |
| 300 | |aTexte français, 17p. : |bgraphiques, références, tableaux ; |c28 cm. |
| 500 | |a«Ce livret présente, dans le cadre du programme de travail de la Stratégie canadienne en matière de biotechnologie, des statistiques de base sur les activités en biotechnologie au Canada: le thème 9 de la Stratégie vise l'amélioration de la cuillette et de l'analyse des données pertinentes à la formulation de politiques en matière de biotechnologie.»--Page 1. |
| 520 | 3 |aCe livret présente, dans le cadre du programme de travail de la Stratégie canadienne en matière de biotechnologie, des statistiques de base sur les activités en biotechnologie au Canada: le thème 9 de la Stratégie vise l'amélioration de la cuillette et de l'analyse des données pertinentes à la formulation de politiques en matière de biotechnologie.--Page 1 |
| 546 | |aBilingue |
| 563 | |aCouverture souple |
| 590 | |a99-18|b1999-05-07 |
| 691 | 07|aBiotechnologie|2gcpds |
| 691 | 07|aIndustrie|2gcpds |
| 720 | 1 |aMcNiven, Chuck |
| 776 | 0#|tStatistiques canadiennes sur la biotechnologie |w(CaOODSP)9.642070 |
| 791 | |tCanadian biotechnology statistics : |eeng|w(CaOODSP)9.660917 |